000 00755nam a2200181Ia 4500
008 151018s9999 xx 000 0 und d
082 _bRBASDV51244
_a914.2
100 _aबाबूलाल चावरिया
245 _aसात समुद्र पार इंग्लैड यात्रा
250 _b1
260 _bराजस्थानी ग्रंथागार
_c2010
300 _a192
600 _aबाबूलाल चावरिया
630 _aसात समुद्र पार इंग्लैड यात्रा
700 _aबाबूलाल चावरिया
730 _aसात समुद्र पार इंग्लैड यात्रा
942 _cBOOK
999 _c1050136
_d1050133